• 首页
  • 本馆介绍
  • 公告通知
  • 最新文献
  • 馆藏检索
  • 电子资源
  • 读者导购
  • 参考咨询
  • 我的图书馆
  • 登录
  • 详细信息显示
  • 放入我的书架
  • 预约/预借图书
  • 作者相关作品
  • 分类相关作品
  • 丛书相关作品
  • 出版社相关作品

书目信息

  • 表格格式
  • 工作单格式
  • 卡片格式
题名:
数据库技术与应用
    
 
作者: 高涵 , 郭力平 , 雷东升 编著
分册:  
出版信息: 北京   人民邮电出版社  2010.05
页数: 260页
开本: 26cm
丛书名:
单 册:
中图分类: TP311.138AC , TP311.13 , TP311.138
科图分类:
主题词: 数据库 , 数据库--技术--高等教育--教材 , 数据库管理系统--高等教育--教材 , 数据库管理系统
电子资源:
ISBN: 978-7-115-18634-8
000 01289nam0 2200397 450
001 003924705
005 20081028084346.0
010    @a978-7-115-18634-8@dCNY28.00
090    @aTP311.13@bglp
096    @aTP311.1@bglp
100    @a20080927d2010 em y0chiy50 ea
101 0  @achi
102    @aCN@b110000
105    @ay z 000yy
106    @ar
200 1  @a数据库技术与应用@b专著@eAccess 2003篇@f郭力平等编著@Fguo li ping deng bian zhu@9shu ju ku ji shu yu ying yong
205    @a2版
210    @a北京@c人民邮电出版社@d2010.05
215    @a260页@d26cm
300    @a高等职业院校计算机教育规划教材
330    @a本书系统地介绍了数据库的基本原理、数据库的创建与使用,表的创建与使用,查询、窗体、报表、页、宏和模块的设计与使用,应用系统集成等内容。各章均配有适量的练习题,
517 1  @aAccess 2003篇@AAccess 2003 pian
606 0  @a数据库
606 0  @a数据库@x技术@x高等教育@j教材
606 0  @a数据库管理系统@x高等教育@j教材
606 0  @a数据库管理系统
610 0  @aAccess
690    @aTP311.138AC@v4
690    @aTP311.13@v4
690    @aTP311.138@v5
701  0 @a高涵@4编著@9gao han
701  0 @a郭力平@4编著@9guo li ping
701  0 @a雷东升@4编著@9lei dong sheng
905    @aBZT@dTP311.138@e41
906    @dCNY28.00@n0@r1
SYS    @003924705
    
    数据库技术与应用:Access 2003篇/郭力平等编著.-2版.-北京:人民邮电出版社,2010.05
    260页;26cm
    高等职业院校计算机教育规划教材
    
    ISBN 978-7-115-18634-8:CNY28.00
    本书系统地介绍了数据库的基本原理、数据库的创建与使用,表的创建与使用,查询、窗体、报表、页、宏和模块的设计与使用,应用系统集成等内容。各章均配有适量的练习题,
●
相关链接 在五车中查询图书 在当当中查询图书 在豆瓣中查询图书


正题名:数据库技术与应用     索取号:TP311.138/41         预约/预借

序号 登录号 条形码 馆藏地/架位号 状态 备注
1 752051   2000752051   样本书库/样006架A面4层3列/ [索取号:TP311.138/41] 在馆    
2 752052   2000752052   中心书库中库/ 中库028架A面3列5层27/ [索取号:TP311.138/41] 在馆    
3 752053   2000752053   中心书库中库/ 中库028架A面3列5层28/ [索取号:TP311.138/41] 在馆    
4 752054   2000752054   中心书库中库/ 中库028架A面3列5层26/ [索取号:TP311.138/41] 在馆    
5 752055   2000752055   中心书库中库/ 中库028架A面3列5层25/ [索取号:TP311.138/41] 在馆    
6 752056   2000752056   中心书库中库/ 中库028架A面3列5层24/ [索取号:TP311.138/41] 在馆    
山东省滨州职业学院图书馆 欢迎您!
大连网信软件有限公司© 版权所有